| 000 | 00000nam 2200000zi 4500 |
| 001 | 9.938100 |
| 003 | CaOODSP |
| 005 | 20250821101039 |
| 006 | m o d f |
| 007 | cr |n||||||||| |
| 008 | 240510t20242024onca ob f000 0 fre d |
| 020 | |a9780660718774 |
| 040 | |aCaOODSP|bfre|erda|cCaOODSP |
| 043 | |an-cn--- |
| 086 | 1 |aH134-38/2024F-PDF |
| 245 | 00|aRèglement sur l'apparence, l'emballage et l'étiquetage des produits du tabac (RAEEPT). |
| 264 | 1|a[Ottawa] : |bSanté Canada = Health Canada, |c[2024] |
| 264 | 4|c©2024 |
| 300 | |a1 ressource en ligne (4 pages non numérotées) : |billustrations en couleur |
| 336 | |atexte|btxt|2rdacontent/fre |
| 337 | |ainformatique|bc|2rdamedia/fre |
| 338 | |aressource en ligne|bcr|2rdacarrier/fre |
| 500 | |aPublié aussi en anglais sous le titre : Tobacco products appearance, packaging and labelling regulations (TPAPLR). |
| 500 | |a« Pub.: 240178. » |
| 504 | |aIncludes bibliographical references. |
| 610 | 16|aCanada. |tLoi sur le tabac et les produits de vapotage. |
| 650 | 6|aTabac|xDroit|zCanada. |
| 650 | 6|aTabac|xEmballages|xÉtiquettes|xDroit|zCanada. |
| 650 | 6|aTabac|xPolitique gouvernementale|zCanada. |
| 710 | 1 |aCanada. |bSanté Canada, |eorganisme de publication. |
| 775 | 08|tTobacco products appearance, packaging and labelling regulations (TPAPLR).|w(CaOODSP)9.938099 |
| 776 | 0#|tRèglement sur l'apparence, l'emballage et l'étiquetage des produits du tabac (RAEEPT).|w(CaOODSP)9.938102 |
| 856 | 40|qPDF|s918 Ko|uhttps://publications.gc.ca/collections/collection_2025/sc-hc/H134-38-2024-fra.pdf |